Cien preguntas y respuestas sobre procedimiento parlamentario: costumbre, prácticas y precedentes /

Sábháilte in:
Sonraí bibleagrafaíochta
Príomhchruthaitheoir: Ramirez Altamirano, Marina
Údar corparáideach: Costa Rica. Asamblea Legislativa
Rannpháirtithe: comp
Formáid: Téacs
Foilsithe / Cruthaithe: San José: Costa Rica. Asamblea Legislativa
Ábhair:
Clibeanna: Cuir clib leis
Níl clibeanna ann, Bí ar an gcéad duine le clib a chur leis an taifead seo!

MARC

LEADER 00000 a a2200000 04500
001 29987
003
040
090 |a 193900  |b   
100 |a Ramirez Altamirano, Marina  
110 |a Costa Rica. Asamblea Legislativa  
245 |a Cien preguntas y respuestas sobre procedimiento parlamentario: costumbre, prácticas y precedentes /  |c Marina Ramirez Altamirano 
260 |a San José:   |b Costa Rica. Asamblea Legislativa  
300 |a 41 p.  
500 |a Anexo de la Revista Parlamentaria Vol. 10, no. 1 (abril. 2002) No. 189501-05  
650 |a PRACTICA PARLAMENTARIA  
650 |a PODER LEGISLATIVO  
650 |a COSTA RICA  
700 |a comp.  
999 |c 6134  |d 6134